Ukrainian Refugees by Country - Statistics

General Stats
  • This quiz has been taken 90 times
  • The average score is 34 of 44
Answer Stats
Refugees Country % Correct
957,505 Poland
97%
1,227,555 Russia
96%
1,178,610 Germany
95%
122,925 Slovakia
93%
244,560 United Kingdom
92%
48,460 Latvia
91%
66,640 France
89%
77,900 Romania
89%
7,665 Serbia and Kosovo
89%
353,510 Czechia
88%
35,915 Estonia
88%
63,000 Finland
87%
170,925 Italy
87%
43,905 Lithuania
87%
70,800 Norway
87%
61,805 Portugal
87%
202,690 Spain
87%
43,805 Sweden
87%
38,735 Turkey
87%
49,320 Belarus
84%
66,960 Switzerland
84%
60,620 Hungary
83%
33,900 Denmark
81%
108,540 Ireland
80%
11,700 Slovenia
80%
77,280 Austria
79%
62,700 Bulgaria
79%
31,030 Greece
79%
114,380 Netherlands
79%
123,295 Moldova
77%
80,495 Belgium
76%
245 Bosnia and Herzegovina
76%
8,930 Albania
72%
25,800 Croatia
72%
19,305 North Macedonia
69%
26,125 Georgia
63%
4,275 Luxembourg
63%
68,370 Montenegro
61%
4,475 Iceland
59%
4,245 Azerbaijan
57%
605 Armenia
56%
18,740 Cyprus
53%
2,470 Malta
48%
640 Liechtenstein
33%
No matching quizzes found
Score Distribution
Percent of People with Each Score
Percentile by Number Answered
Your Score History
You have not taken this quiz